000 00302nam a22001337a 4500
003 SGT
082 _a616.89
_bA11C
100 _aCHAUDHARY, MINAKSHI
245 _a EK SUNHARA SAVERA( MERA CANCER KA SAMNA)
260 _aDELHI
_bRUPPA PUB
_c2011
300 _a209
650 _aAYURVEDA
942 _2ddc
_cBK
999 _c16824
_d16824